| 000 | 00658nam a2200241Ia 4500 | ||
|---|---|---|---|
| 003 | OSt | ||
| 005 | 20220928104125.0 | ||
| 006 | a|||||r|||| 00| 0 | ||
| 007 | ta | ||
| 008 | 220927b |||||||| |||| 00| 0 eng d | ||
| 024 | _a94016 | ||
| 037 | _cTextual | ||
| 040 |
_aSDCL _cSDCL _beng |
||
| 041 |
_2eng _aeng |
||
| 082 | _aO152,1(Delta)vJ, K9 | ||
| 100 |
_aJaibahadur Lal _9409015 |
||
| 245 | 0 | _aSufi saint sahitya ka udhbhav aur vikas. | |
| 250 | _a1st/1969 | ||
| 260 |
_aLucknow _bNavyug Granthagaar _c1969 |
||
| 300 |
_a264p. _ccm. |
||
| 942 |
_hO152,1(Delta)vJ, K9 _cTEXL _2CC |
||
| 999 |
_c724555 _d724555 |
||